Statistics for Mercedes-AMG Quiz (Expensive Car Quiz #12)

Click here to take the quiz!

General Stats

  • This quiz has been taken 348 times
    (136 since last reset)
  • The average score is 20 of 58

Answer Stats

AMG Models % Correct
C63 AMG (includes C63 AMG S sedan & Coupe/Cabriolet)
87%
S63 AMG (includes S63 AMG Coupe/Cabriolet)
82%
E63 AMG (includes E63 AMG S & wagon)
79%
A45 AMG
76%
G63 AMG (includes G63 AMG 6X6)
73%
S65 AMG (includes S65 AMG Coupe/Cabriolet)
66%
C43 AMG (includes 2017 C43 AMG Coupe/Cabriolet)
63%
SLS AMG
62%
CLA45 AMG
58%
SL65 AMG
54%
SL63 AMG
54%
CLS63 AMG (includes CLS63 AMG S)
52%
E55 AMG (includes E55 AMG wagon)
51%
GLE63 AMG S (includes GLE63 AMG S SUV Coupe)
49%
G65 AMG
48%
E43 AMG
48%
ML63 AMG
46%
CL63 AMG
46%
GLA45 AMG
46%
GL63 AMG
45%
C55 AMG
45%
GLS63 AMG
44%
G55 AMG
41%
S55 AMG
41%
SLK55 AMG
39%
CLK63 AMG
39%
CL65 AMG
38%
SL55 AMG
35%
C32 AMG (sedan & Sport Coupe)
34%
AMG GT/GT-S/GT-R (includes GT & GT-C Roadsters)
34%
R63 AMG
32%
ML55 AMG
32%
CLS55 AMG
30%
CL55 AMG
27%
CLK55 AMG
25%
SLC43 AMG
23%
SL73 AMG
21%
C36 AMG
20%
S70 AMG (inlcudes the special ordered S73 T AMG)
18%
SL70 AMG
18%
CLK GTR
18%
C63 AMG Black Series
15%
SLS AMG Black Series
15%
SL60 AMG
15%
E60 AMG
15%
E50 AMG
15%
B55 AMG (One-off)
15%
SLK32 AMG
14%
CLK DTM AMG
14%
C30 CDI AMG (Diesel version)
14%
E36 AMG
13%
CLK63 AMG Black Series
11%
AMG Hammer (300E AMG)
10%
SLK55 AMG Black Series
7%
190E AMG 3.2
7%
SL65 AMG Black Series
6%
G36 AMG
4%
GLC43 AMG (includes GLC43 AMG SUV Coupe)
1%

Score Distribution

Percentile by Number Answered

Percent of People with Each Score

Your Score History

You have not taken this quiz since the last reset